Mexická gotika (Record no. 22678)
[ view plain ]
| 000 -LEADER | |
|---|---|
| fixed length control field | 01204nam a2200373 4500 |
| 001 - CONTROL NUMBER | |
| control field | 22678 |
| 003 - CONTROL NUMBER IDENTIFIER | |
| control field | SK-KTurca |
| 005 - DATE AND TIME OF LATEST TRANSACTION | |
| control field | 20260415151536.0 |
| 008 - FIXED-LENGTH DATA ELEMENTS--GENERAL INFORMATION | |
| fixed length control field | 220419s2021 xo d 000 f slo d |
| 020 ## - INTERNATIONAL STANDARD BOOK NUMBER | |
| International Standard Book Number | 9788080902131 |
| Qualifying information | (viazané) |
| 035 ## - SYSTEM CONTROL NUMBER | |
| System control number | a000703626 |
| 040 ## - CATALOGING SOURCE | |
| Modifying agency | UKB |
| Description conventions | rda |
| 041 1# - LANGUAGE CODE | |
| Language code of text/sound track or separate title | slo |
| Language code of original | eng |
| 044 ## - COUNTRY OF PUBLISHING/PRODUCING ENTITY CODE | |
| MARC country code | xo |
| ISO country code | SK |
| 072 #7 - SUBJECT CATEGORY CODE | |
| Subject category code | 821.134.2-3 |
| Subject category code subdivision | Španielska próza, španielsky písaná |
| Source | konspekt |
| 080 ## - UNIVERSAL DECIMAL CLASSIFICATION NUMBER | |
| Universal Decimal Classification number | 821.164.2(72)-31 |
| Edition identifier | 2011 |
| 080 ## - UNIVERSAL DECIMAL CLASSIFICATION NUMBER | |
| Universal Decimal Classification number | (0:82-31) |
| Edition identifier | 2011 |
| 080 ## - UNIVERSAL DECIMAL CLASSIFICATION NUMBER | |
| Universal Decimal Classification number | (092) |
| Edition identifier | 2011 |
| 100 1# - MAIN ENTRY--PERSONAL NAME | |
| Personal name | Moreno-Garcia, Silvia |
| Relationship | aut |
| 240 10 - UNIFORM TITLE | |
| Uniform title | Mexican gothic. |
| Language of a work | Slovensky |
| 245 10 - TITLE STATEMENT | |
| Title | Mexická gotika |
| Statement of responsibility, etc. | Silvia Moreno-Garcia ; preklad Michal Zidor |
| 250 ## - EDITION STATEMENT | |
| Edition statement | Vydanie 1. |
| 264 #1 - PRODUCTION, PUBLICATION, DISTRIBUTION, MANUFACTURE, AND COPYRIGHT NOTICE | |
| Place of production, publication, distribution, manufacture | Bratislava |
| Name of producer, publisher, distributor, manufacturer | Grada Slovakia s.r.o - Cosmopolis |
| Date of production, publication, distribution, manufacture, or copyright notice | 2021 |
| 300 ## - PHYSICAL DESCRIPTION | |
| Extent | 320 strán |
| Dimensions | 21 cm |
| 336 ## - CONTENT TYPE | |
| Content type term | text |
| Content type code | txt |
| Source | rdacontent |
| 337 ## - MEDIA TYPE | |
| Media type term | bez média |
| Media type code | n |
| Source | rdamedia |
| 338 ## - CARRIER TYPE | |
| Carrier type term | zväzok |
| Carrier type code | nc |
| Source | rdacarrier |
| 500 ## - GENERAL NOTE | |
| General note | Vydala Grada Slovakia s.r.o pod značkou Cosmopolis |
| 655 #7 - INDEX TERM--GENRE/FORM | |
| Genre/form data or focus term | mexické romány |
| Source of term | UKBPH |
| 655 #7 - INDEX TERM--GENRE/FORM | |
| Genre/form data or focus term | španielsky písané romány |
| Source of term | UKBPH |
| 700 1# - ADDED ENTRY--PERSONAL NAME | |
| Personal name | Zidor, Michal |
| Relationship | trl |
| 942 ## - ADDED ENTRY ELEMENTS (KOHA) | |
| Source of classification or shelving scheme | Dewey Decimal Classification |
| Koha item type | Krásna literatúra pre dospelých |
| Suppress in OPAC | No |
| 980 ## - EQUIVALENCE OR CROSS-REFERENCE-SERIES STATEMENT--PERSONAL NAME/TITLE [LOCAL, CANADA] | |
| Personal name | Grada Slovakia s.r.o., Moskovská 29, 811 08 Bratislava |
| Stav vyradenia | Strata | Poškodenie | Spôsob nadobudnutia | Domovská knižnica | Aktuálna knižnica | Dátum nadobudnutia | Total checkouts | Čiarový kód exemplára | Date last seen | Typ exemplára |
|---|---|---|---|---|---|---|---|---|---|---|
| Dar | Obecná knižnica Folkušová | Obecná knižnica Folkušová | 15.04.2026 | 4734401064 | 15.04.2026 | Krásna literatúra pre dospelých |
